ბათუმის შოთა რუსთაველის სახელმწიფო უნივერსიტეტის ბიბლიოთეკა

მეცნიერება-სოფელს (ბიბ.ჩანაწერი № 44655)

000 -LEADER
fixed length control field 00629nam a2200193Ia 4500
001 - CONTROL NUMBER
control field 11458
003 - CONTROL NUMBER IDENTIFIER
control field GE_BSU
008 - FIXED-LENGTH DATA ELEMENTS--GENERAL INFORMATION
fixed length control field 181216s||||||||xx |||||||||||||| ||und||
040 ## - CATALOGING SOURCE
Transcribing agency GE_BSU
080 ## - UNIVERSAL DECIMAL CLASSIFICATION NUMBER
Universal Decimal Classification number 001.92:63
245 ## - TITLE STATEMENT
Title მეცნიერება-სოფელს
245 ## - TITLE STATEMENT
Statement of responsibility, etc. რედ:თ.ჯინჯიხაშვილი; მხატვ:ჯ.ყავლაშვილი.
260 ## - PUBLICATION, DISTRIBUTION, ETC.
Place of publication, distribution, etc. თბილისი
260 ## - PUBLICATION, DISTRIBUTION, ETC.
Name of publisher, distributor, etc. საბჭოთა საქართველო
260 ## - PUBLICATION, DISTRIBUTION, ETC.
Date of publication, distribution, etc. 1973
300 ## - PHYSICAL DESCRIPTION
Extent 152გვ.20სმ.
653 ## - INDEX TERM--UNCONTROLLED
Uncontrolled term მეცნიერება-სოფელს
942 ## - ADDED ENTRY ELEMENTS (KOHA)
Koha item type წიგნი
ეგზემპლარები
Withdrawn status Lost status Damaged status Not for loan Date acquired Barcode Date last seen Price effective from Koha item type
        2018-12-17 20262 2018-12-17 2018-12-17 წიგნი